000 00196 a2200097 4500
001 2886
100 _aStyles, S
245 _aPath to gloruy
260 _a
_bFaber & Faber
_c
090 _c2179
_d2179
942 _aNUST-CAE
_cM
_c13102
999 _c237959
_d237959